[Event "Berlin Lichtenberger Sommer 2nd"]
[Site "Berlin"]
[Date "2003.08.24"]
[Round "9.67"]
[White "Schleime, Franz Josef"]
[Black "Duenow, Henryk"]
[Result "0-1"]
[WhiteElo "1631"]
[BlackElo "1520"]
[PlyCount "58"]
[EventDate "2003.08.16"]
[EventType "swiss"]
[EventRounds "9"]
[EventCountry "GER"]
[SourceTitle "EXT 2022"]
[Source "ChessBase"]
[SourceDate "2021.10.06"]
[SourceVersion "1"]
[SourceVersionDate "2021.10.06"]
[SourceQuality "1"]

1. d4 d5 2. Nf3 Nf6 3. e3 e6 4. Bd3 c5 5. c3 Bd6 6. Nbd2 0-0 7. 0-0 Re8 8. dxc5 Bxc5 9. e4 dxe4 10. Nxe4 Nxe4 11. Bxe4 h6 12. Qe2 Qc7 13. Rd1 Nd7 14. b4 Be7 15. Bb2 Nf6 16. Rac1 Nxe4 17. Qxe4 Bf6 18. Nd4 Bd7 19. c4 Rad8 20. b5 a6 21. a4 Bc8 22. Ba3 Qa5 23. bxa6 bxa6 24. Nc6 Rxd1+ 25. Rxd1 Qxa4 26. Qf3 Qxc4 27. Rc1 Qd5 28. Qg4 Bg5 29. Rc2 Qb3 0-1